| 000 | 00000nam##2200000za#4500 |
| 001 | 9.577181 |
| 003 | CaOODSP |
| 005 | 20210624185506 |
| 007 | cr ||||||||||| |
| 008 | 150406|1999||||xxc|||||o f|0| 0 eng|d |
| 040 | |aCaOODSP|beng |
| 043 | |an-cn--- |
| 086 | 1 |aEn133-5/7-1999E-PDF |
| 110 | 2 |aNational Round Table on the Environment and the Economy (Canada) |
| 245 | 10|aPolicies that could complement a domestic emissions trading system for greenhouse gases / |h[electronic resource]|cby Chris Rolfe, Erik Haites and Robert Hornung. |
| 260 | |aOttawa - Ontario : |bNational Round Table on the Environment and the Economy |cJanuary 1999. |
| 300 | |a26p.|breferences, tables |
| 490 | 1 |aDomestic greenhouse gas emissions trading technical paper series |
| 500 | |a"This paper examines several different types of policies that could complement the introduction of a domestic greenhouse gas emission trading system in Canada. It provides a rationale for the use of these types of policies and provides some specific examples of policies that could be implemented to meet the objectives." --Introduction. |
| 520 | 3 |aThis paper examines several different types of policies that could complement the introduction of a domestic greenhouse gas emission trading system in Canada. It provides a rationale for the use of these types of policies and provides some specific examples of policies that could be implemented to meet the objectives.--Introduction |
| 590 | |a13-19-Supp|b2013-08-14 |
| 690 | 07|aEnvironmental policy|2gcpds |
| 690 | 07|aEnvironmental management|2gcpds |
| 690 | 07|aPollution control|2gcpds |
| 690 | 07|aEnvironment|2gcpds |
| 775 | 08|tProposition de politiques complémentaires à un système national d'échanges de droits d'émission de gaz à effet de serre / |w(CaOODSP)9.605992 |
| 776 | 0#|tPolicies that could complement a domestic emissions trading system for greenhouse gases / |w(CaOODSP)9.615221 |
| 830 | #0|aDomestic greenhouse gas emissions trading technical paper series.|w(CaOODSP)9.507556 |
| 856 | 40|ahttp://publications.gc.ca|qPDF|s3136 KB|uhttps://publications.gc.ca/collections/collection_2013/trnee-nrtee/En133-5-7-1999-eng.pdf |